| 000 | 00367cam a2200145ua 4500 | ||
|---|---|---|---|
| 041 |
_aeng _h |
||
| 082 |
_a821 _bBRI/TE |
||
| 100 | _aBridges, Robert . | ||
| 245 |
_aTestament of beauty / _cRobert Bridges. _hTextual Documents |
||
| 260 |
_aLondon : _bOxford at the Clarendon Press , _c1961. |
||
| 300 | _a175 ; . | ||
| 504 | _a | ||
| 942 | _cBK | ||
| 999 |
_c6106 _d6106 |
||